000 00963nam1a22002771 4500
001 rc\4310430
005 20251202134633.0
035 _a(NLR Aleph) 008507913
090 _a8150600
_c8150600
100 _a20130416d1961 |||y0rusy50 ca
101 0 _arus
102 _aRU
105 _a z |||||
200 1 _aМузыкальная литература
_e[Учеб. пособие для дет. муз. школ]
205 _a3-е изд. Вып. 1-
210 _aМосква
_cМузгиз
_d1961
215 _d27
606 _aМузыкальная литература
_jУчебники и пособия
_2psbo
700 1 _aВладимиров
_bВ. Н.
_cмузыковед
_f1892-
_gВладимир Николаевич
_3RU\NLR\AUTH\7748736
701 1 _aОксер
_bС. Б.
_gСамуил Борисович
801 0 _aRU
_bNLR
_gpsbo
801 1 _aRU
_bELAR
_2rusmarc
852 _aNLR
_j62-7/167
942 _cBOOK
980 _aNB